Joueurs français passés par Nottingham Forest - Statistiques

Statistiques générales
  • Ce quiz a été pris 10 fois
    2 depuis la dernière actualisation
  • Le résultat moyen est 2 sur 16
Statistiques - réponses
Années Matchs Nom % Correct
2019-2022 133 Brice Samba
100%
2022-2023 3 Giulian Biancone
50%
2022 0 Loic Badé
50%
2020 14 Adama Diakhaby
0%
2020-2021 35 Anthony Knockaert
0%
2021-2024 3 Ateef Konaté
0%
2003 0 Benjamin Gvanon
0%
2005-2006 22 David Friio
0%
2008-2014 150 Guy Moussi
0%
1998-1999 16 Jean-Claude Darcheville
0%
2014 1 Kévin Gomis
0%
2020-2023 13 LoÏc Mbe Soh
0%
1998-2005 219 Mathieu Louis-Jean
0%
1997-2000 75 Thierry Bonalair
0%
2005-2006 3 Vincent Fernandez
0%
2018-2021 0 Virgil Gomis
0%
Aucun quiz correspondant
Distribution des résultats
% des personnes avec chaque résultat
Percentile par nombre de réponses
Votre historique - résultats
Vous n’avez pas pris ce quiz depuis la dernière actualisation